000 00871nam a2200265Ia 4500
003 OSt
005 20220923211442.0
006 a|||||r|||| 00| 0
007 ta
008 Pun
020 _a9789350172377
_c200
024 _a260,691
037 _b526, 02/12/2011, H.K. Prakashan
_cTextual
040 _aARTS
_cARTS
_bPun
041 _2Pun
_aPun
082 _aO153:g, Q0
100 _aਬਲਕਾਰ ਸਿੰਘ
245 0 _aਪੰਜਾਬੀ ਆਲੋਚਨਾ ਦੇ ਅਵਚੇਤਨੀ ਪਾਸਾਰ
260 _aਚੰਡਿਗੜ
_b ਲੋਕਗੀਤ ਪ੍ਰਕਾFਨ
_c2010
300 _a166ਪੰ
_ccm.
650 _a ਪੰਜਾਬੀ ਸਾਹਿਤ
650 _aਪੰਜਾਬੀ ਸਾਹਿਤ
942 _hO153:g, Q0
_cTEXL
_2CC
999 _c299688
_d299688